[Event "Challenge"]
[Site "http://www.queenalice.com/game.php?id=1284919"]
[Date "2014.5.30"]
[Round "-"]
[White "mariuszhagel"]
[Black "Zoe"]
[Result "0-1"]
[WhiteElo "2008"]
[BlackElo "1985"]

1. e4 e6 2. d4 d5 3. exd5 exd5 4. Nf3 Nf6 5. Bg5 Be7 6. Bd3 Bg4 7. Nbd2 Nbd7 8.
h3 Bxf3 9. Nxf3 O-O 10. O-O Re8 11. Ne5 c5 12. Nxd7 Nxd7 13. Bxe7 Rxe7 14. Qh5
Nf6 15. Qh4 c4 16. Bf5 Qb6 17. b3 cxb3 18. axb3 Re2 19. Bd3 Rae8 20. Bxe2 Rxe2
21. Rac1 h6 22. Rfe1 Rd2 23. Red1 Qb4 24. Qf4 Re2 25. Qf3 Re4 26. Ra1 a6 27. Ra4
Qb5 28. Qd3 Qe8 29. Raa1 Nh5 30. c4 Nf4 31. Qd2 Ne2+ 32. Kh1 Nxd4 33. Qc3 Ne2
34. Qc2 Nd4 35. Qd3 Qe5 36. Ra5 Re1+ 37. Rxe1 Qxe1+ 38. Kh2 Qxa5 39. Qxd4 Qc7+
40. g3 dxc4 41. bxc4 a5 42. c5 Qb8 43. Qa4 Qd8 44. Qb5 Qa8 45. Qa4 Kf8 46. f4
Qa7 47. Qa3 Kg8 48. Kg2 b5 49. c6 b4 50. Qa4 Qb6 51. Kf3 Kf8 52. Ke4 Ke7 53. Kd5
Kd8 54. g4 b3 55. Ke4 Qb4+ 56. Qxb4 axb4 0-1

[Event "AUTO-INT-2796"]
[Site "http://www.queenalice.com/game.php?id=1287822"]
[Date "2014.6.12"]
[Round "3"]
[White "Hagel"]
[Black "mariuszhagel"]
[Result "1/2-1/2"]
[WhiteElo "2206"]
[BlackElo "2039"]

1. e4 e5 2. Nf3 Nc6 3. d4 exd4 4. Bc4 d6 5. Nxd4 Ne5 6. Be2 Nf6 7. Nc3 Be7 8. h3
h6 9. O-O O-O 10. f4 Nc6 11. Nxc6 bxc6 12. Bf3 Bb7 13. Qe2 a5 14. Rd1 Re8 15.
Qc4 d5 1/2-1/2

[Event "AUTO-INT-2796"]
[Site "http://www.queenalice.com/game.php?id=1287823"]
[Date "2014.6.12"]
[Round "3"]
[White "mariuszhagel"]
[Black "Hagel"]
[Result "1/2-1/2"]
[WhiteElo "2032"]
[BlackElo "2211"]

1. e4 e5 2. Nf3 f5 3. exf5 e4 4. Qe2 Qe7 5. Nd4 Nf6 6. Nc3 h5 7. g3 d5 8. Bg2 a6
9. d3 c5 10. Nb3 Bxf5 11. Bg5 exd3 12. Qxe7+ Bxe7 13. cxd3 Bxd3 14. Bxf6 Bxf6
15. Nxd5 O-O 1/2-1/2

[Event "AUTO-OPEN-3171"]
[Site "http://www.queenalice.com/game.php?id=1291177"]
[Date "2014.6.28"]
[Round "2"]
[White "kilmison"]
[Black "mariuszhagel"]
[Result "1-0"]
[WhiteElo "2127"]
[BlackElo "2049"]

1. e4 e5 2. Nf3 Nc6 3. Nc3 Bc5 4. Bc4 Nf6 5. d3 Bd4 6. Nb5 Bb6 7. Bg5 h6 8. Bxf6
Qxf6 9. Qd2 a6 10. Nc3 Nd4 11. Nxd4 Bxd4 12. Nd5 Qd6 13. c3 Ba7 14. O-O O-O 15.
Qe2 b5 16. Bb3 Bb7 17. Ne3 c5 18. Nf5 Qf6 19. Qg4 Rac8 20. c4 b4 21. a3 Bb8 22.
Ba4 d6 23. Rab1 Bc6 24. Bxc6 Rxc6 25. axb4 cxb4 26. Ne3 a5 27. Nd5 Qd8 28. b3
Ra6 29. Ra1 Ra7 30. Rfe1 Qc8 31. Ne7+ Rxe7 32. Qxc8 1-0

[Event "AUTO-OPEN-3171"]
[Site "http://www.queenalice.com/game.php?id=1291178"]
[Date "2014.6.28"]
[Round "2"]
[White "mariuszhagel"]
[Black "kilmison"]
[Result "0-1"]
[WhiteElo "2063"]
[BlackElo "2117"]

1. e4 e5 2. Nf3 Nc6 3. Bc4 Bc5 4. c3 d6 5. d4 exd4 6. cxd4 Bb4+ 7. Nc3 Nf6 8.
O-O O-O 9. e5 dxe5 10. dxe5 Nd7 11. e6 fxe6 12. Bxe6+ Kh8 13. Nd5 Nf6 14. Nxb4
Qxd1 15. Rxd1 Nxb4 16. Bxc8 Raxc8 17. Be3 Rfe8 18. Bc5 Nc6 19. h3 Ne4 20. Be3 a6
21. Rd7 Re7 22. Rad1 Nf6 23. Rxe7 Nxe7 24. Ne5 Kg8 25. Bg5 Nfd5 26. Bxe7 Nxe7
27. Rd7 Kf8 28. f4 b5 29. g4 g6 30. h4 Ke8 31. Rd2 c5 32. Rd6 Ra8 0-1

[Event "AUTO-OPEN-3171"]
[Site "http://www.queenalice.com/game.php?id=1291183"]
[Date "2014.6.28"]
[Round "2"]
[White "testouverture"]
[Black "mariuszhagel"]
[Result "1-0"]
[WhiteElo "2237"]
[BlackElo "2008"]

1. d4 d5 2. c4 e6 3. Nf3 Bb4+ 4. Nbd2 Nf6 5. Qa4+ Nc6 6. a3 Bxd2+ 7. Bxd2 dxc4
8. Qxc4 O-O 9. g3 Ne4 10. Bf4 a6 11. Bg2 Bd7 12. O-O h6 13. Rfd1 b5 14. Qc2 Nf6
15. Ne5 Nxe5 16. Bxe5 Rc8 17. Bc6 Bxc6 18. Qxc6 Nd5 19. Qxa6 Qd7 20. Rac1 f6 21.
Bf4 Nxf4 22. gxf4 Qd5 23. Qc6 Qf5 24. e3 e5 25. dxe5 fxe5 26. Qd5+ Kh8 27. Qxe5
Qg4+ 28. Kf1 Rfe8 29. Qd5 Qh3+ 30. Qg2 Qf5 31. Rd5 Qh7 32. f5 Rf8 33. Qg6 Qxg6
34. fxg6 c6 35. Rd6 Rf6 36. Rcd1 Rxd6 37. Rxd6 Kg8 38. Ke2 Kf8 39. Re6 Rc7 40.
f4 c5 41. Rb6 b4 42. axb4 cxb4 43. Rxb4 Ke7 44. Kd3 1-0

[Event "AUTO-OPEN-3171"]
[Site "http://www.queenalice.com/game.php?id=1291184"]
[Date "2014.6.28"]
[Round "2"]
[White "mariuszhagel"]
[Black "testouverture"]
[Result "0-1"]
[WhiteElo "2016"]
[BlackElo "2218"]

1. e4 d5 2. exd5 Qxd5 3. Nc3 Qa5 4. Nf3 Nf6 5. g3 Bg4 6. Bg2 c6 7. h3 Bh5 8. g4
Bg6 9. d3 e6 10. Bd2 Qc7 11. O-O Nbd7 12. Re1 Be7 13. Qe2 O-O-O 14. a4 h5 15. b4
hxg4 16. hxg4 Nxg4 17. Ne4 Nde5 18. Nxe5 Nxe5 19. Bf4 f6 20. Rad1 Qb6 21. b5 Bh5
22. Be3 Bxe2 23. Bxb6 Bxd1 24. Bxd8 Rxd8 25. Rxd1 c5 26. f4 Nc4 27. Rb1 Ne3 28.
Rc1 Nxg2 29. Kxg2 Rh8 30. Re1 Kd7 31. Rd1 e5 32. fxe5 fxe5 33. Rf1 Ke6 34. c4
Rh4 35. Ng3 Rf4 36. Re1 Bh4 37. Re3 Rg4 38. Kh2 Bxg3+ 39. Rxg3 Rxg3 40. Kxg3 Kf5
41. a5 g5 42. Kf3 g4+ 43. Kg3 Kg5 44. b6 a6 45. Kf2 Kf4 0-1

[Event "Challenge"]
[Site "http://www.queenalice.com/game.php?id=1292004"]
[Date "2014.7.2"]
[Round "-"]
[White "leoskye"]
[Black "mariuszhagel"]
[Result "1-0"]
[WhiteElo "1947"]
[BlackElo "2036"]

1. b4 e5 2. Bb2 d6 3. e3 Nf6 4. c4 Be6 5. Nf3 Be7 6. Be2 Nbd7 7. O-O O-O 8. d3
h6 9. Nbd2 c6 10. e4 d5 11. cxd5 cxd5 12. exd5 Bxd5 13. a3 Rc8 14. Nxe5 Nxe5 15.
Bxe5 Bd6 16. Bxd6 Qxd6 17. Rc1 Bc6 18. Nc4 Qd4 19. Na5 Qb2 20. Nc4 Qd4 21. Ne3
Rfe8 22. Rc4 Qe5 23. Bf3 Qb5 24. Bxc6 Rxc6 25. Rxc6 Qxc6 26. Qb3 Rd8 27. Rd1 Nd7
28. Nf5 Ne5 29. Ne7+ 1-0

[Event "AUTO-OPEN-3183"]
[Site "http://www.queenalice.com/game.php?id=1292413"]
[Date "2014.7.4"]
[Round "3"]
[White "TheBigSid"]
[Black "mariuszhagel"]
[Result "1-0"]
[WhiteElo "2200"]
[BlackElo "2060"]

1. d4 d5 2. c4 e6 3. e3 Bb4+ 4. Nc3 Nf6 5. Nf3 Ne4 6. Qc2 Bxc3+ 7. bxc3 Bd7 8.
Bd3 Nf6 9. Ba3 Nc6 10. Rb1 b6 11. O-O dxc4 12. Bxc4 Na5 13. Bd3 Nc6 14. e4 Ne7
15. c4 O-O 16. e5 Ne8 17. Bxh7+ Kh8 18. Be4 g6 19. Qd2 Kg7 20. Qg5 Rh8 21. Bxe7
Qc8 22. Bf6+ Nxf6 23. Qxf6+ Kg8 24. Ng5 Qf8 25. Bxa8 1-0

[Event "AUTO-OPEN-3183"]
[Site "http://www.queenalice.com/game.php?id=1292414"]
[Date "2014.7.4"]
[Round "3"]
[White "mariuszhagel"]
[Black "TheBigSid"]
[Result "1/2-1/2"]
[WhiteElo "2001"]
[BlackElo "2216"]

1. e4 e6 2. d4 d5 3. exd5 exd5 4. Nf3 Bd6 5. Nc3 c6 6. Be3 Nf6 7. Bd3 O-O 8. O-O
Bg4 9. h3 Bh5 10. Be2 Re8 11. Qd2 Nbd7 12. Rfe1 Bg6 13. Bg5 Qc7 14. Bd3 Nh5 15.
Bxg6 hxg6 16. a3 Nf4 17. Bxf4 Bxf4 18. Qd3 Nf6 19. Ne2 Bd6 20. b3 Ne4 21. Nd2
Nxd2 22. Qxd2 Re6 23. c4 Rae8 24. c5 Be7 25. Nf4 Bg5 26. Rxe6 fxe6 27. Nxe6 Rxe6
28. Qxg5 Qf7 29. Rf1 Re4 30. Rd1 Qe8 31. Kf1 Re2 32. b4 Qe4 33. Qg3 Qc2 34. Ra1
Qb2 35. Rd1 Qc2 36. Ra1 Qc4 37. Kg1 Qxd4 38. Rf1 Kh7 39. Qc7 Qb2 40. Qxb7 Qxa3
41. Qxc6 Qxb4 42. Qxd5 Rc2 43. c6 Qb6 44. Ra1 Qxf2+ 45. Kh1 Qb6 46. Qe4 Qxc6 47.
Qxc6 Rxc6 48. Rxa7 Rc2 49. Kh2 Rb2 50. Ra4 Rc2 51. h4 Kh6 52. Kh3 Rc3+ 53. g3
Rf3 54. Kg4 Rf1 55. Ra8 Kh7 56. h5 gxh5+ 57. Kxh5 Rf5+ 58. Kh4 Rb5 59. g4 Rc5
60. Re8 Rb5 61. Rf8 Rc5 62. Rd8 Rb5 63. Rd7 Rc5 64. g5 Rc1 65. Kh5 Rh1+ 66. Kg4
Rg1+ 67. Kh5 Rh1+ 68. Kg4 Rg1+ 69. Kh5 Rh1+ 70. Kg4 1/2-1/2

[Event "AUTO-OPEN-3183"]
[Site "http://www.queenalice.com/game.php?id=1292417"]
[Date "2014.7.4"]
[Round "3"]
[White "mariuszhagel"]
[Black "Brooke"]
[Result "0-1"]
[WhiteElo "2010"]
[BlackElo "2822"]

1. e4 c5 2. Nf3 d6 3. d4 cxd4 4. Nxd4 Nf6 5. Nc3 a6 6. Be2 e5 7. Nf3 Be7 8. Bg5
Nbd7 9. O-O O-O 10. Bxf6 Bxf6 11. Qxd6 Nb6 12. Rad1 Be6 13. Nxe5 Qxd6 14. Rxd6
Nc8 15. Rxe6 fxe6 16. Nd7 Rd8 17. Nxf6+ gxf6 18. Bd3 b5 19. a3 Nb6 20. f4 Nc4
21. Nd1 Rd4 22. Bxc4 bxc4 23. Nc3 Rd2 24. Rf2 Rad8 25. g4 Rxf2 26. Kxf2 Rd2+ 27.
Kg3 Rxc2 28. Na4 Kf7 29. h4 c3 30. bxc3 Ra2 31. Nb6 Rxa3 32. g5 Rxc3+ 33. Kg4 a5
34. gxf6 Kxf6 35. f5 exf5+ 36. exf5 Rd3 37. h5 Rd6 0-1

[Event "AUTO-OPEN-3183"]
[Site "http://www.queenalice.com/game.php?id=1292418"]
[Date "2014.7.4"]
[Round "3"]
[White "Brooke"]
[Black "mariuszhagel"]
[Result "1-0"]
[WhiteElo "2810"]
[BlackElo "2065"]

1. e4 e5 2. Nf3 d6 3. d4 Bg4 4. dxe5 Bxf3 5. Qxf3 dxe5 6. Qb3 b6 7. Nc3 Bc5 8.
Bc4 Qf6 9. Be3 Bxe3 10. fxe3 Nh6 11. Rf1 Qe7 12. Nd5 Qd6 13. O-O-O Qc5 14. Bb5+
Nd7 15. Nxc7+ 1-0

[Event "AUTO-ADV-3081"]
[Site "http://www.queenalice.com/game.php?id=1309609"]
[Date "2014.9.21"]
[Round "2"]
[White "balu"]
[Black "mariuszhagel"]
[Result "1/2-1/2"]
[WhiteElo "1789"]
[BlackElo "2031"]

1. e4 e5 2. Nf3 Bc5 3. c3 Nc6 4. Bc4 Nf6 5. d3 h6 6. Nbd2 a6 7. O-O b5 8. Bd5
Nxd5 9. Nb3 Bb6 10. exd5 Ne7 11. Nxe5 d6 12. Nc6 Nxc6 13. dxc6 O-O 14. d4 Bf5
15. a4 Qe8 16. d5 bxa4 17. Nd4 Bxd4 18. Qxd4 Qe4 19. Qxe4 Bxe4 20. Rd1 Rfb8 21.
Rxa4 Bc2 22. Rdd4 Bxa4 23. Rxa4 Re8 24. Be3 Re5 25. c4 g5 26. f4 Rxe3 27. Rb4
Re2 28. Rb7 Re7 29. Kf2 f6 30. f5 Kf8 31. Kf3 Ke8 32. b4 Kd8 33. g4 Re1 34. c5
dxc5 35. bxc5 Rc1 36. d6 Rxc5 37. Rxc7 a5 38. Rd7+ Ke8 39. Re7+ Kf8 40. c7 Rc6
41. Re6 Kg7 42. d7 Rxc7 43. Re8 Rxd7 44. Rxa8 Rd5 45. Ra7+ Kg8 46. Kg3 h5 47.
gxh5 Rxf5 48. h6 Kh8 49. Kg4 Rf4+ 50. Kh5 Rb4 51. Kg6 Rb8 52. Rh7+ Kg8 53. Rg7+
Kh8 54. Kxf6 Rb6+ 55. Kxg5 Rb5+ 56. Kf6 Rb6+ 57. Kg5 Rb5+ 58. Kf6 Rb6+ 59. Kg5
Rb5+ 60. Kf6 Rb6+ 61. Kg5 1/2-1/2

[Event "AUTO-ADV-3081"]
[Site "http://www.queenalice.com/game.php?id=1309610"]
[Date "2014.9.21"]
[Round "2"]
[White "mariuszhagel"]
[Black "balu"]
[Result "1-0"]
[WhiteElo "1998"]
[BlackElo "1852"]

1. e4 e5 2. Nf3 Nc6 3. Bb5 Nf6 4. Bxc6 bxc6 5. Nxe5 Bd6 6. Nc4 Nxe4 7. d3 Ng5 8.
Nxd6+ cxd6 9. Qg4 h6 10. Bf4 O-O 11. O-O d5 12. Bd6 Re8 13. Nc3 Re6 14. Bf4 Rg6
15. Bxg5 Rxg5 16. Qf3 d6 17. Rfe1 Bg4 18. Qf4 Qf6 19. Qxf6 Rg6 20. Qe7 Bh3 21.
g3 d4 22. Ne4 Re6 23. Qb7 Rae8 24. Qb4 c5 25. Qd2 Bf5 26. f3 d5 27. Nxc5 Rxe1+
28. Rxe1 Rxe1+ 29. Qxe1 1-0

[Event "AUTO-ADV-3081"]
[Site "http://www.queenalice.com/game.php?id=1309613"]
[Date "2014.9.21"]
[Round "2"]
[White "mariuszhagel"]
[Black "Gera"]
[Result "1-0"]
[WhiteElo "1977"]
[BlackElo "2096"]

1. e4 c5 2. Nf3 a6 3. d4 cxd4 4. Nxd4 e6 5. Nc3 b5 6. a3 Bb7 7. Bf4 Be7 8. Bd3
Nf6 9. O-O O-O 10. Bxb8 Rxb8 11. h3 Qb6 12. e5 Nd5 13. Nxd5 Bxd5 14. b3 d6 15.
exd6 Bxd6 16. c4 bxc4 17. bxc4 Ba8 18. Rb1 Qc7 19. Qa4 Rxb1 20. Rxb1 Rd8 21.
Qxa6 Qc5 22. Ne2 Qg5 23. Ng3 h5 24. Ne4 Qg6 25. f3 Bg3 26. Nxg3 Qxd3 27. Rf1 h4
28. Nh1 e5 29. Nf2 Qe3 30. Qa5 Rf8 31. Re1 Qd4 32. Qxe5 Qxc4 33. Qb2 Qc5 34. Rc1
Qa7 35. Rc4 g5 36. Qe5 f6 37. Qc5 Qb8 38. a4 Qg3 39. Rg4 Qb8 40. a5 Rc8 41. Qa3
Qb1+ 42. Kh2 Qe1 43. Nd3 Qd2 44. Qb3+ Kg7 45. Qb5 Rd8 46. Nc5 Rd6 47. Ne4 Bxe4
48. Rxe4 Rd7 49. Qb6 f5 50. Rc4 Qd5 51. Rc5 Qd3 52. a6 Qd6+ 53. Qxd6 Rxd6 54.
Rxf5 Kg6 55. Ra5 Rd8 56. a7 Ra8 57. Ra6+ Kf5 58. g3 hxg3+ 59. Kxg3 Ke5 60. Kg4
1-0

[Event "AUTO-ADV-3081"]
[Site "http://www.queenalice.com/game.php?id=1309614"]
[Date "2014.9.21"]
[Round "2"]
[White "Gera"]
[Black "mariuszhagel"]
[Result "1-0"]
[WhiteElo "2051"]
[BlackElo "1991"]

1. c4 e5 2. a3 d6 3. Nc3 Nf6 4. Nf3 Bg4 5. e3 e4 6. Qa4+ Nbd7 7. Ng5 Bf5 8. Qb5
h6 9. Qxf5 hxg5 10. Qxg5 Rh5 11. Qg3 Qe7 12. Be2 Rh6 13. d3 O-O-O 14. dxe4 Nxe4
15. Nxe4 Qxe4 16. Bf3 Qxc4 17. Qg5 Rg6 18. Bxb7+ Kxb7 19. Qxd8 Qc6 20. Bd2 Rxg2
21. Rc1 Nc5 22. Rc3 Rxf2 23. Rf1 Rxf1+ 24. Kxf1 Qh1+ 25. Ke2 Qxh2+ 26. Kd1 Qh1+
27. Kc2 Qe4+ 28. Kc1 Nd3+ 29. Kb1 Nb4+ 30. Ka1 Nc2+ 31. Ka2 Qd5+ 32. Rb3+ Kc6
33. Qe8+ Kc5 34. Qb5# 1-0

[Event "AUTO-MASTER-2222"]
[Site "http://www.queenalice.com/game.php?id=1332755"]
[Date "2015.1.4"]
[Round "1"]
[White "jacconsultoria"]
[Black "mariuszhagel"]
[Result "0-1"]
[WhiteElo "2198"]
[BlackElo "2016"]

1. c4 e5 2. Nc3 Bb4 3. g3 Bxc3 4. dxc3 Nf6 5. Bg2 Nc6 6. Bg5 h6 7. Bxf6 Qxf6 8.
Nf3 O-O 9. O-O d6 10. Qd2 Bg4 11. h3 Bh5 12. b4 e4 13. Nd4 Rfe8 14. Nxc6 bxc6
15. Qd4 Bxe2 16. Rfe1 Qxd4 17. cxd4 Bxc4 18. Rxe4 Bd5 19. Rxe8+ Rxe8 20. Bxd5
cxd5 21. Rc1 Rc8 22. a4 Kf8 23. b5 Ke7 24. Kf1 Kd7 25. Ke2 Re8+ 26. Kd3 Re4 27.
Rc6 Re8 28. Ra6 Ra8 29. Kc3 Kc8 30. Kb4 Kb7 31. Rc6 Re8 32. Rc2 Re1 33. Rb2 Re4
34. Kc3 Kb6 35. Rd2 Ka5 36. Kb3 Re1 37. Rc2 Rb1+ 38. Ka2 Rb4 39. Rxc7 Rxa4+ 40.
Kb3 Rxd4 41. Rxa7+ Kxb5 42. Rxf7 Rd2 43. Kc3 Re2 44. Kd3 Ra2 45. Ke3 g5 46. Rc7
d4+ 47. Kxd4 Rxf2 48. Ke3 Rh2 49. Kf3 Rxh3 50. Kg2 g4 51. Rg7 h5 52. Rc7 d5 53.
Rc8 d4 54. Rc7 d3 55. Rc8 Kb4 56. Rc7 d2 57. Rd7 Kc3 58. Rc7+ Kb2 59. Rb7+ Kc1
60. Rc7+ Kd1 61. Rd7 h4 62. gxh4 Rxh4 63. Kg3 Rh3+ 64. Kxg4 Rh2 65. Kg3 Re2 66.
Kf3 Ke1 0-1

[Event "AUTO-MASTER-2222"]
[Site "http://www.queenalice.com/game.php?id=1332756"]
[Date "2015.1.4"]
[Round "1"]
[White "mariuszhagel"]
[Black "jacconsultoria"]
[Result "1-0"]
[WhiteElo "1992"]
[BlackElo "2197"]

1. e4 c5 2. Nf3 g6 3. d4 cxd4 4. Qxd4 Nf6 5. Nc3 Bg7 6. Bg5 Nc6 7. Qd2 d6 8. Bb5
O-O 9. O-O a6 10. Ba4 b5 11. Bb3 Bb7 12. Rfe1 Rc8 13. Rad1 Na5 14. h3 Nxb3 15.
axb3 b4 16. Nd5 a5 17. Bxf6 Bxf6 18. Nxf6+ exf6 19. Qxd6 Qxd6 20. Rxd6 Rxc2 21.
Rd2 Rfc8 22. Rd7 Bc6 23. Rd2 Rxd2 24. Nxd2 Bb7 25. Nc4 Rc5 26. f3 a4 27. Nd6 Bc6
28. bxa4 Bxa4 29. Re2 Rc2 30. Kf2 Kf8 31. Rxc2 Bxc2 32. g3 Ke7 33. Nc4 Kd7 34.
Ke3 Kc6 35. Kd4 h6 36. f4 g5 37. Ne3 Bb3 38. Nf5 h5 39. Ng7 Bd1 40. fxg5 fxg5
41. Ke5 Bf3 42. Kf6 Bxe4 43. Nxh5 Kd5 44. Kxg5 Kc4 45. Nf6 Bc2 46. h4 Kb3 47.
Nd5 Be4 48. Nxb4 Kxb4 49. Kf6 1-0

[Event "AUTO-MASTER-2222"]
[Site "http://www.queenalice.com/game.php?id=1332773"]
[Date "2015.1.4"]
[Round "1"]
[White "mariuszhagel"]
[Black "vasyl_puzanov"]
[Result "0-1"]
[WhiteElo "2021"]
[BlackElo "2103"]

1. e4 e5 2. Nf3 Nc6 3. Bb5 Nf6 4. Ng5 d5 5. exd5 Qxd5 6. Bxc6+ Qxc6 7. O-O Bg4
8. Qe1 Bd6 9. d4 O-O 10. dxe5 Rae8 11. Bf4 Qxc2 12. Qa5 Qxb2 13. Nc3 b6 14. Qxa7
Bxe5 15. Na4 Qd4 16. Bxe5 Qxe5 0-1

[Event "AUTO-MASTER-2222"]
[Site "http://www.queenalice.com/game.php?id=1332774"]
[Date "2015.1.4"]
[Round "1"]
[White "vasyl_puzanov"]
[Black "mariuszhagel"]
[Result "1-0"]
[WhiteElo "2113"]
[BlackElo "2008"]

1. e4 e5 2. Nf3 Nc6 3. Bb5 Nd4 4. Nxd4 exd4 5. O-O c6 6. Bc4 Nf6 7. Re1 Be7 8.
d3 O-O 9. e5 Nd5 10. c3 dxc3 11. Bxd5 cxd5 12. Nxc3 Bb4 13. Qg4 d6 14. Qxb4 dxe5
15. Rxe5 Qf6 16. Qd4 1-0

[Event "AUTO-MASTER-2222"]
[Site "http://www.queenalice.com/game.php?id=1332775"]
[Date "2015.1.4"]
[Round "1"]
[White "mariuszhagel"]
[Black "jupar"]
[Result "1-0"]
[WhiteElo "1993"]
[BlackElo "1965"]

1. e4 e5 2. Nf3 Nc6 3. d4 exd4 4. Nxd4 d6 5. Nxc6 bxc6 6. Nc3 Nf6 7. Bg5 Be7 8.
Be2 O-O 9. O-O Be6 10. Re1 h6 11. Bh4 a5 12. f4 Bd7 13. h3 Nh7 14. Bxe7 Qxe7 15.
Bf3 f5 16. exf5 Qh4 17. Qd4 Nf6 18. Re7 Rae8 19. Rae1 c5 20. Qc4+ Kh7 21. Rxe8
Rxe8 22. Rxe8 Nxe8 23. Qf7 Qe1+ 24. Kh2 Bxf5 25. Qxf5+ Kg8 26. Bd5+ Kh8 27. Qf8+
Kh7 28. Be4+ g6 29. Qxe8 1-0

[Event "AUTO-MASTER-2222"]
[Site "http://www.queenalice.com/game.php?id=1332776"]
[Date "2015.1.4"]
[Round "1"]
[White "jupar"]
[Black "mariuszhagel"]
[Result "1-0"]
[WhiteElo "1998"]
[BlackElo "2008"]

1. d4 d5 2. c4 dxc4 3. Nc3 e6 4. e4 Bb4 5. Bxc4 Nf6 6. Bg5 h6 7. Bxf6 Qxf6 8. e5
Qg5 9. Qf3 Nc6 10. Ne2 a6 11. O-O O-O 12. Ne4 Qe7 13. a3 Ba5 14. b4 Bb6 15. Nc5
Bxc5 16. bxc5 Rd8 17. Rad1 Bd7 18. Qe4 Qg5 19. Bd3 Qf5 20. Qe3 Qg5 21. f4 Qe7
22. Qe4 g6 23. Rf3 Qf8 24. Rg3 Ne7 25. d5 exd5 26. Qf3 Bf5 27. Nd4 Bxd3 28. Qxd3
Kh8 29. e6 Qe8 30. Re1 Nc6 31. Nxc6 bxc6 32. Qd4+ Kh7 33. Qf6 d4 34. f5 Rd6 35.
fxg6+ fxg6 36. cxd6 1-0

[Event "Challenge"]
[Site "http://www.queenalice.com/game.php?id=1334300"]
[Date "2015.1.11"]
[Round "-"]
[White "Zugswang"]
[Black "mariuszhagel"]
[Result "1-0"]
[WhiteElo "2031"]
[BlackElo "2008"]

1. e4 e5 2. f4 exf4 3. Nf3 d6 4. Bc4 Nf6 5. Nc3 Bg4 6. d4 Be7 7. Bxf4 Nbd7 8. h3
Bh5 9. g4 Bg6 10. Qe2 O-O 11. O-O-O Nb6 12. Bb3 Re8 13. e5 Nfd7 14. h4 dxe5 15.
Bxe5 h6 16. Qg2 Bf6 17. g5 Bxe5 18. dxe5 Qe7 19. gxh6 Kh7 20. h5 gxh6 21. hxg6+
fxg6 22. Ng5+ Kg7 23. Ne6+ Kh7 24. Rxh6+ 1-0

[Event "Alex"]
[Site "http://www.queenalice.com/game.php?id=1334531"]
[Date "2015.1.13"]
[Round "-"]
[White "aledibattista"]
[Black "mariuszhagel"]
[Result "1-0"]
[WhiteElo "2123"]
[BlackElo "2044"]

1. d4 d5 2. c4 dxc4 3. Nf3 e6 4. g3 Nf6 5. Bg2 Bb4+ 6. Bd2 Bxd2+ 7. Nbxd2 Bd7 8.
Nxc4 Nc6 9. O-O O-O 10. Qb3 Rb8 11. Rac1 Ne7 12. Nce5 Bc6 13. Nxc6 Nxc6 14. Rfd1
Qe7 15. e3 Nd5 16. e4 Nb6 17. d5 exd5 18. exd5 Nd8 19. Re1 Qd6 20. Nd4 c6 21.
Nf5 Qf6 22. Ne7+ Kh8 23. dxc6 Nxc6 24. Nxc6 bxc6 25. Rxc6 Qg5 26. Qa3 Qd2 27.
Rec1 h6 28. Qc3 Qxc3 29. R6xc3 Rbd8 30. Rc7 Rd2 31. Rxa7 Rxb2 32. a4 Ra2 33. a5
Na4 34. Bd5 Nb2 35. Bxa2 1-0

[Event "OS INCLIVEIS"]
[Site "http://www.queenalice.com/game.php?id=1337315"]
[Date "2015.1.26"]
[Round "-"]
[White "adelio"]
[Black "mariuszhagel"]
[Result "0-1"]
[WhiteElo "1774"]
[BlackElo "2039"]

1. d4 d5 2. e4 dxe4 3. Nc3 e6 4. Nxe4 Nf6 5. Nxf6+ Qxf6 6. Nf3 Bd6 7. Be2 Bd7 8.
Bg5 Qf5 9. O-O h6 10. Bd3 Qa5 11. Bd2 Qb6 12. Ne5 Bxe5 13. dxe5 Nc6 14. Bc3 Ne7
15. Qg4 O-O 16. Bd4 c5 17. Be3 Qc7 18. Bxh6 Qxe5 19. Rae1 Qf6 20. Re3 Qxh6 21.
Rh3 f5 22. Rxh6 fxg4 23. Rh4 Rf4 24. g3 Rb4 25. Rd1 Bc6 26. Bh7+ Kf8 27. Bd3 Bf3
28. Re1 Rxb2 29. Rxe6 Nf5 30. Rh5 Nd4 31. Ree5 Rb1+ 32. Bf1 Ne2+ 33. Rxe2 Bxe2
34. Rf5+ Kg8 35. Rg5 Bxf1 36. Rxg4 Bh3# 0-1